000 00679nam a2200253Ia 4500
003 OSt
005 20220924131931.0
006 a|||||r|||| 00| 0
007 ta
008 220923b |||||||| |||| 00| 0 tel d
020 _cRs.5
024 _a347720
037 _cTextual
040 _aARTS
_cARTS
_btel
041 _2tel
_atel
082 _aO35,3NRA16,x, K6
100 _aB. Raja Gopal Au.
_9203293
245 0 _aNavvula Kathalu
260 _aVijayawada
_bNavodaya Publishers India
_c1966
300 _a250p.
_ccm.
650 _aTELUGU LITERATURE
942 _hO35,3NRA16,x, K6
_cTEXL
_2CC
999 _c428665
_d428665